000 00456nam a2200133Ia 4500
008 220217s9999 xx 000 0 und d
100 _aJacob Mathew
245 0 _aCharacterization of wastes from natural rubber and rubber wood procssing industries and their utilization for biomethanation
260 _bCochin University of Science and Technology
_a Kochi
_c1994
300 _a233
500 _aCourse: Ph. D
700 _aDr KP Balakrishnan
942 _cTS
999 _c74585
_d74585